| 000 | 00953nam a22002057a 4500 | ||
|---|---|---|---|
| 008 | 100627s2004 ua|||||r|||| 000 0 ara d | ||
| 082 |
_222 _a338.88 _bس ت ي |
||
| 100 |
_915256 _aأبو ستيت، فؤاد |
||
| 245 |
_aالتكتلات الاقتصادية في عصر العولمة / _cفؤاد أبو ستيت |
||
| 260 |
_aالقاهرة : _bالدار المصرية اللبنانية ، [2004] _c[2004] |
||
| 300 |
_a245 ص ؛ _c24 سم |
||
| 504 | _aببليوجرافية: ص 235-245 | ||
| 650 |
_915258 _aالتكتلات الاقتصادية |
||
| 650 |
_914505 _aالاقتصاد الدولي |
||
| 650 |
_915261 _aالسوق العربية المشتركة |
||
| 650 |
_98057 _aالعولمة |
||
| 650 |
_915262 _aالشركات _xتكتل |
||
| 942 |
_2ddc _cBB |
||
| 999 |
_c14228 _d14228 |
||